Normal view
MARC view
- Assocation for Project Safety
Entry Corporate Name
001 - CONTROL NUMBER
- control field: 6182
003 - CONTROL NUMBER IDENTIFIER
- control field: OSt
005 - DATE AND TIME OF LATEST TRANSACTION
- control field: 20190806150250.0
008 - FIXED-LENGTH DATA ELEMENTS
- fixed length control field: 170609n| acannaabn |n ana d
040 ## - CATALOGING SOURCE
- Original cataloging agency: OSt
- Transcribing agency: OSt
110 2# - HEADING--CORPORATE NAME
- Corporate name or jurisdiction name as entry element: Assocation for Project Safety
670 ## - SOURCE DATA FOUND
- Source citation: Principal designer's handbook and Guide to CDM 2015 Regulations, 2015